[Event "AUTO-BEG-675"]
[Site "http://www.queenalice.com/game.php?id=1645261"]
[Date "2021.3.1"]
[Round "1"]
[White "Thot"]
[Black "zecafernandes"]
[Result "0-1"]
[WhiteElo "1061"]
[BlackElo "1280"]

1. d4 d5 2. e3 g6 3. Nc3 a6 4. a3 Nf6 5. b4 Bg4 6. f3 Bf5 7. e4 dxe4 8. Be2 Nc6
9. d5 Ne5 10. fxe4 Bg4 11. Nf3 Nxf3+ 12. Bxf3 Qd6 13. h3 Qg3+ 14. Kd2 Bh6+ 15.
Kd3 Bf4 16. Ne2 Qf2 17. Bxf4 Bxf3 18. Qd2 Bxe4+ 19. Kc3 O-O 20. g4 Nxd5+ 21. Kb3
Qf3+ 22. c3 Qf2 23. c4 Nxf4 24. Qxf4 Qxe2 25. Rh2 Qd3+ 26. Kb2 Qxc4 27. Rc1 Qd4+
0-1

[Event "AUTO-BEG-675"]
[Site "http://www.queenalice.com/game.php?id=1645276"]
[Date "2021.3.1"]
[Round "1"]
[White "rafassj4"]
[Black "Thot"]
[Result "1-0"]
[WhiteElo "1330"]
[BlackElo "1007"]

1. e4 e5 2. Nf3 d6 3. d4 Bg4 4. Be2 exd4 5. Qxd4 c5 6. Bb5+ Nc6 7. Qd5 Nf6 8.
Bxc6+ bxc6 9. Qxc6+ Ke7 10. Qb7+ Nd7 11. Nc3 Rb8 12. Qd5 Rb6 13. Ng5 Nf6 14.
Qxf7# 1-0

[Event "AUTO-BEG-675"]
[Site "http://www.queenalice.com/game.php?id=1645277"]
[Date "2021.3.1"]
[Round "1"]
[White "Thot"]
[Black "rafassj4"]
[Result "0-1"]
[WhiteElo "1000"]
[BlackElo "1353"]

1. e4 e5 2. d3 Nf6 3. Be2 d5 4. Nc3 Bb4 5. Nf3 Nc6 6. Bd2 O-O 7. a3 Ba5 8. b4
Bb6 9. b5 Nd4 10. Bf1 Bg4 11. Bg5 dxe4 12. dxe4 Ba5 13. Qd3 Qd6 14. a4 Qc5 15.
Qd1 Bxc3+ 16. Qd2 Bxd2+ 17. Bxd2 Nxc2+ 18. Ke2 Nxa1 19. h3 Bxf3+ 20. gxf3 Rad8
21. Bg5 Qc2+ 22. Ke3 Qd2# 0-1

[Event "AUTO-BEG-675"]
[Site "http://www.queenalice.com/game.php?id=1645286"]
[Date "2021.3.1"]
[Round "1"]
[White "LordMikaeus"]
[Black "Thot"]
[Result "1-0"]
[WhiteElo "1114"]
[BlackElo "1054"]

1. d4 d5 2. e3 Bf5 3. Bd3 g6 4. Bxf5 gxf5 5. Nf3 e6 6. O-O Nc6 7. b3 Bh6 8. Na3
a5 9. Nb5 Ra6 10. c4 Nb4 11. Ba3 Nc6 12. cxd5 exd5 13. Qd3 Qf6 14. Nxc7+ Kd8 15.
Nxa6 bxa6 16. Qxa6 Nge7 17. Bxe7+ Kxe7 18. Qb7+ Kf8 19. Rac1 Rg8 20. Rxc6 Qg5
21. Nxg5 Bxg5 22. Rc8+ Kg7 23. Rxg8+ Kxg8 24. Qa8+ 1-0

[Event "AUTO-BEG-675"]
[Site "http://www.queenalice.com/game.php?id=1645287"]
[Date "2021.3.1"]
[Round "1"]
[White "Thot"]
[Black "LordMikaeus"]
[Result "0-1"]
[WhiteElo "1054"]
[BlackElo "1134"]

1. e4 d6 2. Bb5+ c6 3. Be2 Nf6 4. Nc3 e5 5. d3 Be7 6. a4 O-O 7. h3 Qa5 8. b4
Qxb4 9. Ra3 Na6 10. Rb3 Qa5 11. Nf3 Nc5 12. O-O Nxb3 13. Ba3 Qxc3 14. Nh4 Nd2
15. Re1 Qxa3 16. Qxd2 Qxa4 17. Qc3 Qd4 18. Qb3 b5 19. c3 Qa4 20. Qxa4 bxa4 21.
c4 d5 22. Nf5 Bc5 23. Ne3 a3 24. g4 Bxe3 25. fxe3 dxe4 26. dxe4 Nxe4 0-1

[Event "Challenge"]
[Site "http://www.queenalice.com/game.php?id=1647042"]
[Date "2021.3.18"]
[Round "-"]
[White "ilbarbierefallito"]
[Black "Thot"]
[Result "1-0"]
[WhiteElo "1471"]
[BlackElo "1063"]

1. e4 d6 2. Nf3 Nf6 3. Nc3 e5 4. Be2 Be7 5. O-O c6 6. d4 exd4 7. Nxd4 c5 8. Ndb5
Bd7 9. Nd5 Nxe4 10. Nbc7+ Kf8 11. Nxa8 b5 12. Nac7 b4 13. Nb5 a6 14. Nbc7 a5 15.
Nxe7 Qxc7 16. Nd5 Qd8 17. Bf3 Ng5 18. Bg4 Ba4 19. Qd2 Ne4 20. Qe3 1-0

[Event "Challenge"]
[Site "http://www.queenalice.com/game.php?id=1647043"]
[Date "2021.3.18"]
[Round "-"]
[White "Thot"]
[Black "ilbarbierefallito"]
[Result "0-1"]
[WhiteElo "1065"]
[BlackElo "1469"]

1. d4 d5 2. Bg5 Nf6 3. e3 e6 4. Nf3 h6 5. Bh4 g5 6. Bg3 Ne4 7. Be5 f6 8. Bg3 h5
9. h4 Nxg3 10. fxg3 g4 11. Nfd2 Bd6 12. Be2 Bxg3+ 13. Kf1 Nc6 14. Bb5 a6 15. Bd3
f5 16. a4 Bxh4 17. b3 Nb4 18. Be2 Bg5 19. c3 Nc6 0-1

[Event "AUTO-BEG-676"]
[Site "http://www.queenalice.com/game.php?id=1760865"]
[Date "2021.5.29"]
[Round "1"]
[White "juliobragatecbr"]
[Black "Thot"]
[Result "1-0"]
[WhiteElo "1413"]
[BlackElo "1071"]

1. e4 d6 2. d4 Nf6 3. Nc3 Ng4 4. h3 Nf6 5. Bg5 h6 6. Bh4 g5 7. Bg3 c6 8. Bc4 b5
9. Bb3 Qa5 10. e5 dxe5 11. Bxe5 Bg7 12. Ne2 b4 13. Na4 Nbd7 14. O-O c5 15. Bxf6
Bxf6 16. dxc5 Ba6 17. c6 Ne5 18. Qd5 Qc7 19. Rad1 Bxe2 20. Rde1 1-0

[Event "AUTO-BEG-676"]
[Site "http://www.queenalice.com/game.php?id=1760866"]
[Date "2021.5.29"]
[Round "1"]
[White "Thot"]
[Black "juliobragatecbr"]
[Result "0-1"]
[WhiteElo "1071"]
[BlackElo "1384"]

1. e4 e5 2. Nf3 Nc6 3. Nc3 Nf6 4. Be2 d5 5. exd5 Nxd5 6. Ne4 Bd6 7. Nfg5 O-O 8.
c4 Nf4 9. Bf3 Nd4 10. g3 Nd3+ 11. Kf1 h6 12. Nh7 Bh3+ 13. Kg1 Kxh7 14. Nxd6 Qxd6
15. Be4+ Bf5 16. Bxb7 Rab8 17. Bg2 Nxc1 18. Rxc1 c5 19. Qh5 Bd3 20. Rc3 Ne2+ 0-1

[Event "AUTO-BEG-676"]
[Site "http://www.queenalice.com/game.php?id=1760879"]
[Date "2021.5.29"]
[Round "1"]
[White "jamdeg00"]
[Black "Thot"]
[Result "1-0"]
[WhiteElo "1276"]
[BlackElo "1089"]

1. e4 d6 2. d4 Nf6 3. f3 e6 4. e5 Nd5 5. Qe2 Be7 6. Nh3 Nb4 7. c3 dxe5 8. cxb4
Bxb4+ 9. Bd2 Nc6 10. dxe5 Nd4 11. Qd3 c5 12. a3 Bxd2+ 13. Nxd2 O-O 14. Rc1 Qd5
15. Ng5 Qa2 16. Qxh7# 1-0

[Event "AUTO-BEG-676"]
[Site "http://www.queenalice.com/game.php?id=1760880"]
[Date "2021.5.29"]
[Round "1"]
[White "Thot"]
[Black "jamdeg00"]
[Result "0-1"]
[WhiteElo "1071"]
[BlackElo "1256"]

1. d4 d5 2. Nc3 Nf6 3. e3 c6 4. Bd3 b5 5. Nf3 Qb6 6. Ne5 b4 7. Na4 Qc7 8. Nc5
Qa5 9. a4 g6 10. Bd2 Bh6 11. Nb3 Qc7 12. a5 a6 13. Bxb4 Nbd7 14. f4 g5 15. Nf3
gxf4 16. Nc5 fxe3 17. Bf5 Rg8 18. g3 Nh5 0-1

[Event "AUTO-BEG-676"]
[Site "http://www.queenalice.com/game.php?id=1760887"]
[Date "2021.5.29"]
[Round "1"]
[White "Biagio"]
[Black "Thot"]
[Result "1-0"]
[WhiteElo "1191"]
[BlackElo "1089"]

1. d4 e6 2. e4 d5 3. Nc3 Bb4 4. e5 Nh6 5. a3 Be7 6. Nf3 O-O 7. Bxh6 gxh6 8. Bd3
Nc6 9. Qd2 a5 10. Qxh6 b6 11. Qxh7# 1-0

[Event "AUTO-BEG-676"]
[Site "http://www.queenalice.com/game.php?id=1760888"]
[Date "2021.5.29"]
[Round "1"]
[White "Thot"]
[Black "Biagio"]
[Result "0-1"]
[WhiteElo "1076"]
[BlackElo "1353"]

1. e4 c6 2. Nc3 d5 3. f3 d4 4. Na4 e5 5. Be2 b5 6. b3 bxa4 7. bxa4 Nf6 8. Bb2
Ba6 9. d3 Bb4+ 10. Kf1 O-O 11. h4 Nbd7 12. f4 c5 13. fxe5 Nxe5 14. h5 Bc8 15.
Rh4 Nd5 16. Rh3 Nc3 17. Qc1 Bxh3 0-1

[Event "Challenge"]
[Site "http://www.queenalice.com/game.php?id=1762086"]
[Date "2021.6.13"]
[Round "-"]
[White "ilbarbierefallito"]
[Black "Thot"]
[Result "1-0"]
[WhiteElo "1507"]
[BlackElo "1078"]

1. d4 d6 2. Nf3 Nf6 3. Nc3 Nc6 4. g3 h5 5. Bg2 Bg4 6. h3 Be6 7. d5 Bxd5 8. Nxd5
Ne4 9. Nd4 Nc5 10. Nxc6 bxc6 11. Nc3 Qd7 12. e3 d5 13. b4 Na6 14. a3 1-0

[Event "Challenge"]
[Site "http://www.queenalice.com/game.php?id=1762087"]
[Date "2021.6.13"]
[Round "-"]
[White "Thot"]
[Black "ilbarbierefallito"]
[Result "0-1"]
[WhiteElo "1080"]
[BlackElo "1505"]

1. d4 d5 2. Nf3 g6 3. e3 Bg7 4. Nc3 Nf6 5. Bb5+ c6 6. Ba4 O-O 7. Ne5 b5 8. Bb3
a5 9. O-O a4 10. Nxa4 bxa4 11. Bxa4 Rxa4 12. b3 Ra7 13. b4 Nfd7 0-1